Estadísticas para Extranjeros en Francia por País de Origen

Haz click aquí para intentar la prueba.

Estadísticas generales

  • Esta prueba ha sido intentada 1.323 veces
  • La puntuación promedio es 13 de 20

Estadísticas de respuestas

#País% Correcto
342,613España
97%
216,576Alemania
92%
409,852Italia
92%
711,520Marruecos
92%
1,250,282Argelia
90%
85,041Reino Unido
90%
125,700Bélgica
81%
580,077Portugal
81%
76,080Suiza
78%
341,632Túnez
77%
106,802Polonia
65%
83,204Senegal
61%
179,426Turquía
59%
43,012R. D. Congo
57%
45,696Costa de Marfil
40%
115,046Vietnam
30%
42,353Haití
24%
55,937Camboya
22%
41,696Laos
22%
83,922Madagascar
19%

Distribución de puntuación

Porcentaje por número respondido

Porcentaje de gente con cada puntuación

Historial de tus puntuaciones

No has intentado esta prueba.